000 01167cam a2200289 i 4500
001 18144186
003 ARRUPE
005 20150422115455.0
008 140508s2015 mau 001 0 eng
010 _a 2014013401
020 _a9780674731264
020 _a0674731263
040 _aDLC
_beng
_erda
_cDCL
042 _apcc
050 0 0 _aQC6
_b.A465 2015
082 0 0 _a530.01
_223
100 1 _aAlbert, David Z.
_917446
245 1 0 _aAfter physics /
_cDavid Z Albert.
260 _aCambridge
_bHarvard University Press
_c2015
300 _aix, 181 pages :
_billustrations ;
_c25 cm
500 _aIncludes index.
505 0 _aPhysics and chance -- The difference between the past and the future -- The past-hypothesis and knowledge of the external world -- The technique of significables -- Physics and narrative -- Quantum mechanics and life -- Primitive ontology -- Probability in the everett picture.
650 0 _aPhysics
_xPhilosophy.
_917447
906 _a7
_bcbc
_corignew
_d1
_eecip
_f20
_gy-gencatlg
942 _2lcc
_cMONOGRAPH
999 _c122740
_d122740